Synthesis and Characterization of Functionalized Graphene Oxide with 4,4-Stibenedicarboxylic Acid to Investigate the Effects on Band Gap for its Application in Dye Sensitized Solar Cell / (Record no. 534468)

000 -LEADER
fixed length control field 00626nam a22001577a 4500
020 ## - INTERNATIONAL STANDARD BOOK NUMBER
Qualifying information Hard Cover.
082 ## - DEWEY DECIMAL CLASSIFICATION NUMBER
Classification number 200
100 ## - MAIN ENTRY--PERSONAL NAME
Personal name Fatima, Saira
245 ## - TITLE STATEMENT
Title Synthesis and Characterization of Functionalized Graphene Oxide with 4,4-Stibenedicarboxylic Acid to Investigate the Effects on Band Gap for its Application in Dye Sensitized Solar Cell /
Statement of responsibility, etc. Saira Fatima.
260 ## - PUBLICATION, DISTRIBUTION, ETC.
Place of publication, distribution, etc. Islamabad:
Name of publisher, distributor, etc. SCME - NUST,
Date of publication, distribution, etc. 2011.
300 ## - PHYSICAL DESCRIPTION
Extent 75 p. :
Other physical details ill. ;
Dimensions 30cm.
650 ## - SUBJECT ADDED ENTRY--TOPICAL TERM
Topical term or geographic name entry element MS-Material Engineering
700 ## - ADDED ENTRY--PERSONAL NAME
Personal name Supervisor: Dr. Amir Habib
942 ## - ADDED ENTRY ELEMENTS (KOHA)
Source of classification or shelving scheme
Koha item type Thesis
650 ## - SUBJECT ADDED ENTRY--TOPICAL TERM
-- 129457
700 ## - ADDED ENTRY--PERSONAL NAME
-- 129446
Holdings
Withdrawn status Lost status Source of classification or shelving scheme Damaged status Not for loan Permanent Location Current Location Shelving location Date acquired Full call number Barcode Date last seen Price effective from Koha item type
          Central Library (CL) Central Library (CL) Thesis 02/26/2020 200 CL-T-5205 02/26/2020 02/26/2020 Thesis
© 2023 Central Library, National University of Sciences and Technology. All Rights Reserved.